000 00607nam a2200229Ia 4500
003 OSt
005 20220928101658.0
006 a|||||r|||| 00| 0
007 ta
008 220927b |||||||| |||| 00| 0 eng d
024 _a53319
037 _cTextual
040 _aSDCL
_cSDCL
_beng
041 _2eng
_aeng
082 _aO152,6N031,29, L5
100 _aYash Pal
_9393541
245 0 _aSwargodyan
_b Bina samp.
260 _aAllahabad
_bLok Bharti Prakashan
_c1975
300 _a111p
_ccm.
942 _hO152,6N031,29, L5
_cTEXL
_2CC
999 _c709168
_d709168